|
|
|
|
| LEADER |
00000nkmaa2200000 a 4500 |
| 001 |
vtls011507881 |
| 003 |
SK-MaSNL |
| 005 |
20260331210727.0 |
| 007 |
kh bo |
| 008 |
230802e1970 xo | |||0 k|slo |
| 035 |
|
|
|a urn:nbn:sk:snk-km00c0xk
|
| 035 |
|
|
|a urn:nbn:sk:snk-km3lpi0
|
| 035 |
|
|
|a 9C6EE57D-1543-4E4C-88D9-0A3953958C90
|
| 040 |
|
|
|a SNKLA
|b slo
|c SNKLA
|e AACR2
|
| 041 |
0 |
|
|a slo
|
| 044 |
|
|
|a xo
|c SK
|
| 100 |
1 |
|
|a Lašut, Filip,
|d 1945-2012
|4 pht
|9 151668
|
| 245 |
1 |
0 |
|a [Slávnosť 100. výročia úmrtia Michala Miloslava Hodžu]
|h grafika
|
| 260 |
|
|
|a [S.l.
|b s.n.]
|c 1970
|
| 300 |
|
|
|a 1 fotografia
|b čb
|c 13 x 18 cm
|
| 520 |
2 |
|
|a Zobrazenie: Slávnosť 100. výročia úmrtia Michala Miloslava Hodžu konaná v kultúrnom dome v Rakši, 26.3.1970. Na obr.: členky Okresného učiteľského spevokolu z Liptovského Mikuláša počas vystúpenia.
|
| 600 |
1 |
7 |
|a Hodža, Michal Miloslav,
|d 1811-1870
|2 SNKMA
|9 184937
|
| 611 |
2 |
7 |
|a slávnosť 100. výročia úmrtia Michala Miloslava Hodžu
|d 1970
|c Rakša, Slovensko
|9 340800
|
| 651 |
|
7 |
|a Rakša (Slovensko)
|2 SNKPH
|9 59137
|
| 655 |
|
7 |
|a fotografie
|2 SNKPH
|9 70713
|
| 852 |
7 |
|
|a Slovenská národná knižnica
|b Literárny archív
|
| 958 |
|
|
|a ZO
|
| 958 |
|
|
|a BLA
|
| 999 |
|
|
|c 1016113
|d 1018043
|
| 952 |
|
|
|a SNKLA
|b SNKLA
|c SNKLA_DEP
|y NEVYP
|7 0
|p 17A1007730
|o snkK 4/106
|i snkLA 4102/1970
|0 0
|1 0
|4 0
|d 2016-02-25
|f 1
|l 0
|r 2026-02-24 13:08:21
|w 2026-02-24
|